| 000 | 00408nam a2200169Ia 4500 | ||
|---|---|---|---|
| 008 | 230524s9999 xx 000 0 und d | ||
| 020 | _a8185719825 | ||
| 082 |
_aTA165 _bRAJ |
||
| 100 | _aR.K.Rajput | ||
| 245 | 0 | _aEngineering Metrology and Instrumentation | |
| 250 | _a1 | ||
| 260 |
_aNew Delhi _bKatson _c2008 |
||
| 300 | _a516p; | ||
| 500 | _aQuantity Number: 1 | ||
| 650 | _aMechanics | ||
| 942 | _cBK | ||
| 999 |
_c56497 _d56497 |
||